Odvaha / Markéta Lukášková
Příběh nelehkého osudu mladé židovské dívky během padesátých let ve stalinistickém Československu. Mladá Židovka Ada si svůj život po válce představovala jinak. Byla nucena odejít z vysněné školy, stará se o nemocnou matku a zjišťuje, že komunisté mají s jejím původem stejný problém, jako měli nacisté. Když se jí naskytne příležitost svůj život změnit za cenu morálního selhání, stojí před těžkou volbou. Má říct ano a žít, jak chce, nebo říct ne a uchovat si čest? A má vlastně v té šílené době nad svým osudem nějakou moc? Nakladatelská anotace. Kráceno.
Record details
- ISBN: 978-80-267-2646-3
- Physical Description: 276 stran ; 20 cm
- Edition: 1. vydání
- Publisher: V Praze : Motto, 2024
Search for related items by subject
| Genre: | české romány historické romány společenské romány Czech fiction historical novels social novels |
Available copies
- 1 of 1 copy available at Common Catalog SPOK.
Holds
- 0 current holds with 1 total copy.
Show Only Available Copies
| Location | Call Number / Copy Notes | Barcode | Shelving Location | Status | Due Date |
|---|---|---|---|---|---|
| The Jewish community of Prague | K 3958 | 4638304784 | K - Beletrie | Available | - |
| LDR | 01889nam a2200409 i 4500 | ||
|---|---|---|---|
| 001 | 57389 | ||
| 003 | CZ-PrJAB | ||
| 005 | 20240520065627.0 | ||
| 007 | ta | ||
| 008 | 240517s2024 xr g 000 f cze | ||
| 015 | . | ‡acnb003606733 | |
| 020 | . | ‡a978-80-267-2646-3 ‡q(vázáno) : ‡cKč 399,00 | |
| 035 | . | ‡a(CZ PrSKC)4986429 | |
| 040 | . | ‡aABG001 ‡bcze ‡erda | |
| 072 | 7. | ‡a821.162.3-3 ‡xČeská próza ‡2Konspekt ‡925 | |
| 080 | . | ‡a821.162.3-31 ‡2MRF | |
| 080 | . | ‡a(0:82-311.6) ‡2MRF | |
| 080 | . | ‡a(0:82-311.4) ‡2MRF | |
| 100 | 1 | . | ‡aLukášková, Markéta, ‡d1988- ‡7ola2017970705 ‡4aut |
| 245 | 1 | 0. | ‡aOdvaha / ‡cMarkéta Lukášková |
| 250 | . | ‡a1. vydání | |
| 264 | 1. | ‡aV Praze : ‡bMotto, ‡c2024 | |
| 300 | . | ‡a276 stran ; ‡c20 cm | |
| 336 | . | ‡atext ‡btxt ‡2rdacontent | |
| 337 | . | ‡abez média ‡bn ‡2rdamedia | |
| 338 | . | ‡asvazek ‡bnc ‡2rdacarrier | |
| 520 | 2 | . | ‡aPříběh nelehkého osudu mladé židovské dívky během padesátých let ve stalinistickém Československu. ‡bMladá Židovka Ada si svůj život po válce představovala jinak. Byla nucena odejít z vysněné školy, stará se o nemocnou matku a zjišťuje, že komunisté mají s jejím původem stejný problém, jako měli nacisté. Když se jí naskytne příležitost svůj život změnit za cenu morálního selhání, stojí před těžkou volbou. Má říct ano a žít, jak chce, nebo říct ne a uchovat si čest? A má vlastně v té šílené době nad svým osudem nějakou moc? Nakladatelská anotace. Kráceno. |
| 655 | 7. | ‡ačeské romány ‡7fd133974 ‡2czenas | |
| 655 | 7. | ‡ahistorické romány ‡7fd132414 ‡2czenas | |
| 655 | 7. | ‡aspolečenské romány ‡7fd760851 ‡2czenas | |
| 655 | 9. | ‡aCzech fiction ‡2eczenas | |
| 655 | 9. | ‡ahistorical novels ‡2eczenas | |
| 655 | 9. | ‡asocial novels ‡2eczenas | |
| 910 | . | ‡aABE461 | |
| 995 | . | ‡aska | |
| 901 | . | ‡a57389 ‡bAUTOGEN ‡c57389 ‡tbiblio | |